Acta Facultatis forestalis Zvolen, Slovakia. Vol. XLV. 2003 /
Uloženo v:
| Hlavní autor: | |
|---|---|
| Médium: | Kniha |
| Jazyk: | slovenština angličtina |
| Vydáno: |
Zvolen :
Technická univerzita,
2003
|
| Vydání: | 1. vyd. |
| Témata: | |
| ISBN: | 8022812528 |
| ISSN: | 0231-5785 |
| On-line přístup: |
|
| Tagy: |
Přidat tag
Žádné tagy, Buďte první, kdo vytvoří štítek k tomuto záznamu!
|
MARC
| LEADER | 00000nam a2200000 4500 | ||
|---|---|---|---|
| 003 | SK-BrCVT | ||
| 005 | 20220621160406.0 | ||
| 008 | 040401s2003 xo e ||||||slo d | ||
| 020 | |a 8022812528 | ||
| 022 | |a 0231-5785 | ||
| 035 | |a CVTIDW0971484 | ||
| 040 | |b slo |a CVTI SR | ||
| 041 | 0 | |a slo |a eng | |
| 044 | |a xo | ||
| 080 | |a 378.663.0 |2 UDC-MRF | ||
| 080 | |a 630 |2 UDC-MRF | ||
| 100 | 1 | |a Žíhlavník, Štefan |d 1943-, | |
| 242 | 1 | 0 | |a Zborník vedeckých prác Lesníckej fakulty Technickej univerzity vo Zvolene. Slovensko. Zv. XLV. 2003 |
| 245 | 1 | 0 | |a Acta Facultatis forestalis Zvolen, Slovakia. Vol. XLV. 2003 / |c Autori: Štefan Žíhlavník a kol. |
| 250 | |a 1. vyd. | ||
| 260 | |a Zvolen : |b Technická univerzita, |c 2003 | ||
| 300 | |a 433 s. : |b fotogr., grafy, lit., obr., tab. ; | ||
| 653 | 1 | |a prírodná rezervácia |a lesná drevina |a vodný režim pôdy |a hydraulická geometria |a štruktúra porastu |a bukový prales |a lesnícke mapovanie |a dendromasa | |
| 655 | 4 | |a zborníky | |
| 910 | |b A589985 | ||
| 919 | |a 80-228-1252-8 | ||
| 974 | |f Knihy | ||
| 992 | |a AZN | ||
| 999 | |c 132184 |d 132184 | ||

